000 00327nam a22001097a 4500
008 160627b xxu||||| |||| 00| 0 eng d
100 _91214
_aAmerican Heritage Magazine
245 _aNew York, North Carolina, North Dakota
260 _aNEW YOORK
_bDELL
_c1965
300 _aNew York, North Carolina, North Dakota
942 _2ddc
_cBK
999 _c989
_d989